000 00438nam a22001817a 4500
003 MPLRDC
005 20220104144259.0
008 210129b ||||| |||| 00| 0 eng d
082 _a437.6 YSQ
100 _a颜水泉编著
245 _a最新猪病学
_c
250 _a初版
260 _a
_b中国畜牧杂志社
_c1976
300 _b
490 _a中国畜牧丛书之四
650 _a家畜--猪
942 _cBK
_o437.6 YSQ
999 _c48086
_d48076